Un diálogo sobre el poder y otras conversaciones / (Record no. 89831)

MARC details
000 -CABECERA
campo de control de longitud fija 00624nam a2200193 a 4500
005 - FECHA Y HORA DE LA ÚLTIMA TRANSACCIÓN
campo de control 20240925064701.0
008 - ELEMENTOS DE LONGITUD FIJA--INFORMACIÓN GENERAL
campo de control de longitud fija 020513s19811997mx r 000 0 spa d
020 ## - NÚMERO INTERNACIONAL NORMALIZADO PARA LIBROS
Número Internacional Estándar del Libro 8420618160
035 ## - NÚMERO DE CONTROL DEL SISTEMA
Número de control de sistema UPN01000117293
049 ## - COLECCIÓN
Colección CG
050 #4 - SIGNATURA TOPOGRÁFICA DE LA BIBLIOTECA DEL CONGRESO
Número de clasificación HM291
Número de documento/Ítem F6.88
100 1# - ASIENTO PRINCIPAL--NOMBRE PERSONAL
Nombre de persona Foucault, Michel,
Fechas asociadas al nombre 1926-1984
245 13 - MENCIÓN DE TÍTULO
Título Un diálogo sobre el poder y otras conversaciones /
Mención de responsabilidad, etc. Michel Foucault ; introd y tr. de Miguel Morey.
260 ## - PUBLICACIÓN, DISTRIBUCIÓN, ETC.
Lugar de publicación, distribución, etc. Madrid :
Nombre del editor, distribuidor, etc. Alianza:
-- Materiales,
Fecha de publicación, distribución, etc. 1981 (1997 impr.).
300 ## - DESCRIPCIÓN FÍSICA
Extensión 164 p.
440 #3 - MENCIÓN DE SERIE/ASIENTO SECUNDARIO--TÍTULO
Título El libro de bolsillo ;
Designación de volumen o secuencia 816.
Nombre de parte o sección de la obra Humanidades
650 #4 - ASIENTO SECUNDARIO DE MATERIA - TERMINO TEMATICO
Término de materia o nombre geográfico como elemento de entrada Poder (Ciencias sociales)
9 (RLIN) 1203
905 ## - TIPO DE MATERIAL
Tipo de material Libro
Holdings
Estado de retiro Estado de pérdida Fuente del sistema de clasificación o colocación Estado dañado No para préstamo Código de colección Localización permanente Ubicación/localización actual Ubicación en estantería Total de préstamos Clasificación Código de barras Fecha visto por última vez Número de copia Tipo de ítem Koha
    Library of Congress Classification     Colección General Bib. Gregorio Torres Quintero Bib. Gregorio Torres Quintero Planta baja 10 HM291 F6.88 170010 31/12/2020 1 Libro
    Library of Congress Classification     Colección General Bib. Gregorio Torres Quintero Bib. Gregorio Torres Quintero Planta baja 3 HM291 F6.88 316433 14/01/2022 1 Libro